000 00786cam a2200217 a 4500
001 000036839
005 20200930075952.0
008 710114s1966 sp a 000 0 spa d
040 _aDO-SdBNP
_bspa
_cBNPHU
041 1 7 _aspa
_heng
245 0 4 _aLos griegos /
_cHugh Lloyd-Jones (ed.) ; versión española de J. C. Cayol de Bethencourt.
260 _aMadrid :
_bGredos,
_c1966.
300 _a331 p. :
_bil. ;
_c19 cm.
490 0 _aBiblioteca universitaria Gredos. Manuales ;
_v2
534 _pTít. original:
_tThe greeks
651 4 _aGrecia
_xCivilización
_y146 a. C.
_963179
651 4 _aGrecia
_xHistoria
_92389
700 1 _aLloyd-Jones, Hugh
_eed.
_963180
700 1 _aCayol de Bethencourt, J. C.,
_etrad.
_963181
830 0 _aBiblioteca universitaria Gredos.
_pManuales ;
_v2
_963182
999 _c36330
_d36330